| 000 | 01094nam a22002537a 4500 | ||
|---|---|---|---|
| 001 | 7092 | ||
| 003 | FISKH | ||
| 005 | 20250620142840.0 | ||
| 008 | 250620b cb ||||| |||| 00| 0 eng d | ||
| 040 |
_aFISKH _beng _cFISKH _dFISKH |
||
| 050 | _aPZ7 | ||
| 082 | _a597 | ||
| 100 | _aByrnes, Trish | ||
| 245 |
_aIn the ocean : _bMy favorite animal places / |
||
| 260 |
_aLinden : _bBetter Than Broccoli Books, _c2004. |
||
| 300 |
_a10 unnumbered pages : _bcolor illustrations ; _c17 cm |
||
| 505 | _aE | ||
| 520 | _aThis board book introduces young children to ocean environments and the animals that live in them. Each page features a short sentence about a specific sea creature (like fish, crabs, seahorses, or dolphins) and a brightly colored illustration. The focus is on animal identification, habitat awareness, and visual engagement, helping toddlers learn basic concepts about marine life. | ||
| 521 | 8 |
_a200
_bLexile estimate |
|
| 521 | 8 |
_aE
_bRaz-Plus |
|
| 650 |
_aAnimals _vBoard book _xOcean animals _ySea creatures |
||
| 942 |
_2ddc _cBK _n0 |
||
| 999 |
_c7092 _d7092 |
||